000 00470nam a2200157 i 4500
001 38078
003 ES-MaACL
007 t|
008 030224s1929 xxk ||||1| eng d
100 1 _aCabell, James Branch.
_933167
245 1 0 _aJurgen
_b: a comedy of justice /
_cby James Branch ; with an introduction by Hugh Walpole.
260 _aLondon :
_bJohn Lane,
_c1929.
300 _aXV, 325 p. ;
_c19 cm.
700 1 _aWalpole, Hugh.
_9115982
852 _aES-MaACL
_jB-6280
999 _c38078
_d38078